Une commune littorale = Un département - Statistiques

Statistiques générales
  • Ce quiz a été pris 31 fois
  • Le résultat moyen est 19 sur 30
Statistiques - réponses
Hint Réponse % Correct
Fouras Charente-Maritime
88%
Propriano Corse du Sud
88%
Roscoff Finistère
88%
Le Mont-Saint-Michel Manche
84%
Étretat Seine-Maritime
84%
Fos-sur-Mer Bouches-du-Rhône
80%
Ouistreham Calvados
80%
Monticello Haute-Corse
80%
Saint-Michel-Chef-Chef Loire-Atlantique
80%
Soulac-sur-Mer Gironde
76%
Erquy Côtes-d'Armor
68%
Capbreton Landes
68%
Saint-Laurent-du-Var Alpes-Maritimes
64%
Le Grau-du-Roi Gard
64%
Cancale Ille-et-Vilaine
64%
Pamandzi Mayotte
64%
Ramatuelle Var
64%
La Tranche-sur-Mer Vendée
64%
Argelès-sur-Mer Pyrénées-Orientales
60%
Capesterre-de-Marie-Galante Guadeloupe
56%
Larmor-Plage Morbihan
56%
Case-Pilote Martinique
52%
La Possession Réunion
52%
Marseillan Hérault
48%
Loon-Plage Nord
48%
Sangatte Pas-de-Calais
44%
Leucate Aude
36%
Ciboure Pyrénées-Atlantiques
36%
Cayeux-sur-Mer Somme
36%
Remire-Montjoly Guyane
32%
Aucun quiz correspondant
Distribution des résultats
% des personnes avec chaque résultat
Percentile par nombre de réponses
Votre historique - résultats
Vous n’avez pas pris ce quiz